| 000 | 01389nam0a22003131 4500 | ||
|---|---|---|---|
| 001 | rc\3623197 | ||
| 005 | 20260406184515.0 | ||
| 021 |
_aRU _b[71-7465] |
||
| 035 | _a(NLR Aleph) 007821690 | ||
| 090 |
_a7745831 _c7745831 |
||
| 100 | _a20130115d1971 |||y0rusy50 ca | ||
| 101 | 0 | _arus | |
| 102 | _aRU | ||
| 105 | _ay z ||||| | ||
| 200 | 1 |
_aМарксистско-ленинская теория стоимости _e[Методол. проблемы _fПод общ. ред. В.С. Афанасьева] _gАкад. обществ. наук при ЦК КПСС. Кафедра экон. наук |
|
| 210 |
_aМосква _cМысль _d1971 |
||
| 215 |
_a215 с. _d20 |
||
| 300 | _aНа обороте тит. л. авт.: Афанасьев В.С., Злобин Б.К., Ланцов В.И., Куликов А.Г. | ||
| 606 |
_aСтоимость _2psbo |
||
| 701 | 1 |
_aЗлобин _bБ.К. |
|
| 701 | 1 |
_aЛанцов _bВ.И. |
|
| 701 | 1 |
_4340 _8rus _7ca _aАфанасьев _bВ. С. _cд-р экон. наук _f1926- _gВладилен Сергеевич _3RU\NLR\AUTH\7713702 _9123384 |
|
| 701 | 1 |
_aКуликов _bА.Г. |
|
| 712 | 0 | 2 |
_aАкадемия общественных наук _cМосква _bКафедра экон. наук _3RU\NLR\AUTH\889949871 _9395474 |
| 801 | 0 |
_aRU _bNLR _gpsbo |
|
| 801 | 1 |
_aRU _bELAR _2rusmarc |
|
| 852 |
_aNLR _j71-3/561 |
||
| 942 | _cBOOK | ||
| 980 | _aNB | ||